| 000 | 00703nam a22002297a 4500 | ||
|---|---|---|---|
| 005 | 20170124110203.0 | ||
| 010 | _aB-063234 | ||
| 020 |
_a8120318161 _c325.00 |
||
| 035 | _aB-063234 | ||
| 037 | _bCen Lib/Ret | ||
| 040 |
_aDPL _bEN |
||
| 082 |
_a005.754 _bDES |
||
| 100 |
_aDesign, Howie Green _936642 |
||
| 245 |
_aFlash 5 Fast and Easy Web Development / _cby Howie Green Design |
||
| 260 |
_aNew Delhi _bPrentice Hall of India _c2001 |
||
| 270 |
_aM-97, Connaught circus _bNew Delhi _e110007 |
||
| 300 |
_axx,330p. _c22cm(Hb) |
||
| 500 | _aIncludes index | ||
| 650 |
_aComputer Graphics _9101660 |
||
| 650 |
_aWeb Sites -- Design _936894 |
||
| 942 |
_2ddc _cEN _h005.754 _mDES |
||
| 999 |
_c133047 _d133047 |
||